Darren Aronofsky Movies Quiz Stats

 Plays Quiz Updated Jan 17, 2018

Score 0/7 Timer 03:00
0 Plays Today
Year Movie % Correct
2010Black Swan
85.1%
2000Requiem for a Dream
81.4%
2017Mother!
80.8%
2014Noah
80%
1998Pi
76.2%
2008The Wrestler
62.3%
2006The Fountain
61.9%

You're not logged in!

Compare scores with friends on all Sporcle quizzes.
OR
Log In

Sporcle TV

Today on Sporcle TV


Watch our educational content, quiz creation guides, and fun videos on Sporcle TV.

Show Comments

Extras

Top Quizzes Today


Score Distribution

Your Account Isn't Verified!

In order to create a playlist on Sporcle, you need to verify the email address you used during registration. Go to your Sporcle Settings to finish the process.

Report this User

Report this user for behavior that violates our Community Guidelines.

Details: